00574nam a2200205 a 4500001001300000003000900013005001700022008004100039020002300080082001800103100002700121245004600148260005200194300000900246500003500255505001000290650002300300650001800323700002700341nice12345678IN_TiNIC20260116013744.0050524s1985 bera grp 000 0 eng  a0520822 c72000a398.2927bSOW aSowayan, Saad Abdullah aNabati Poetryb the Oral Poetry of Arabia aBerkeleybUniversity of California Press c1985 a234p aincludes index and biblioraphy2 aNotes aFolk Poetry Arabic aArabic-Poetry1 aSowayan, Saad Abdullah